Záverečná správa z projektu 1038R4 Digital cooperatives : cooperate. virtually. everywhere. začiatok projektu 15. december 2011 : ukončenie projektu 31. december 2014
Guardado en:
| Autor principal: | |
|---|---|
| Otros Autores: | , , , , , |
| Formato: | Libro |
| Lenguaje: | eslovaco |
| Publicado: |
Bratislava
2014
|
| Materias: | |
| Etiquetas: |
Sin Etiquetas, Sea el primero en etiquetar este registro!
|
MARC
| LEADER | 00000nam a2200000 4500 | ||
|---|---|---|---|
| 001 | 0205884 | ||
| 005 | 20240711092444.4 | ||
| 041 | 0 | |a slo | |
| 044 | |a SK | ||
| 245 | 1 | 0 | |a Záverečná správa z projektu 1038R4 Digital cooperatives : cooperate. virtually. everywhere. |b začiatok projektu 15. december 2011 : ukončenie projektu 31. december 2014 |c Michal Tkáč ... [et al.] |
| 264 | 1 | |a Bratislava |c 2014 | |
| 300 | |a 14 s. | ||
| 610 | 2 | 0 | |a správa verejná elektronická |
| 610 | 2 | 0 | |a spoločnosť informačná |
| 100 | 1 | |a Tkáč, Michal, 1958- | |
| 700 | 1 | |a Majerník, Milan, 1952- | |
| 700 | 1 | |a Hajduová, Zuzana, 1974- | |
| 700 | 1 | |a Bobenič Hintošová, Aneta, 1979- | |
| 700 | 1 | |a Hudák, Matej, 1984- | |
| 700 | 1 | |a Tkáč, Michal, ml., 1984- | |
| 700 | 1 | |a Mendelová, Babula | |